000
00285nam a2200109Ia 4500
008
200302s9999 xx 000 0 und d
100
_a
Dona Z. Meilach
245
_a
Architectural Ironwork
260
_b
Library of Congress cataloging in Publication
260
_c
2001
300
_a
240 P.,
999
_c
2079
_d
2079